• 首页
  • 本馆介绍
  • 公告通知
  • 最新文献
  • 馆藏检索
  • 电子资源
  • 读者荐购
  • 参考咨询
  • CALIS
  • 我的图书馆
  • 登录
  • 详细信息显示
  • 放入我的书架
  • 预约/预借图书
  • 作者相关作品
  • 分类相关作品
  • 丛书相关作品
  • 出版社相关作品

书目信息

  • 表格格式
  • 工作单格式
  • 卡片格式
题名:
新媒体素养
    
 
作者: 张志安 主编
分册:  
出版信息: 北京   高等教育出版社  2019.12
页数: 224页
开本: 23cm
丛书名: iCourse·教材 国家精品在线开放课程配套教材
单 册:
中图分类: G206.2
科图分类:
主题词: 信息论 , 传播学
电子资源:
ISBN: 978-7-04-054091-8
 
 
 
 
 
000 01247nam0 2200265 450
001 2531047673
005 20251203084030.37
010    @a978-7-04-054091-8@dCNY31.00
100    @a20251203d2019 km y0chiy0120 ea
101 0  @achi
102    @aCN@b110000
200 1  @a新媒体素养@AXin Mei Ti Su Yang@f张志安主编@FZhang Zhi An Zhu Bian
210    @a北京@c高等教育出版社@d2019.12
215    @a224页@d23cm
225 2  @aiCourse·教材 国家精品在线开放课程配套教材
300    @a本书探讨了新媒体环境下网络如何建构世界, 以及这种建构对媒介内容、公共舆论、政府决策、公众心理尤其是弱势群体权利的影响。 在此基础上, 探讨公民使用网络进行有效沟通、公共表达、公益动员、社会参与的可能。 本书通过二维码链接的形式配合MOOC课程展现多元观点与宽阔视野, 以鲜活的案例进行引入, 旨在帮助读者建立必要的新媒体素养, 从而更加理性、成熟地使用新媒体。 本书既可作为高校各专业本科生的通识教材, 也可供各行各业有意提升新媒体素养的社会人士学习参考。
410  0 @12001 @aiCourse·教材 国家精品在线开放课程配套教材
503    @n河南城建学院图书馆
510 1  @a= Digital literacy
606 0  @a信息论
606 0  @a传播学
690    @aG206.2@v4
701  0 @a张志安@AZhang Zhi An@4主编
801  0 @aCN@b大连网信软件有限公司图书馆·11@c20251203
905    @aZUCC@dG206.2@eZ250
    
    新媒体素养/张志安主编.-北京:高等教育出版社,2019.12
    224页;23cm.-(iCourse·教材 国家精品在线开放课程配套教材)
    本书探讨了新媒体环境下网络如何建构世界, 以及这种建构对媒介内容、公共舆论、政府决策、公众心理尤其是弱势群体权利的影响。 在此基础上, 探讨公民使用网络进行有效沟通、公共表达、公益动员、社会参与的可能。 本书通过二维码链接的形式配合MOOC课程展现多元观点与宽阔视野, 以鲜活的案例进行引入, 旨在帮助读者建立必要的新媒体素养, 从而更加理性、成熟地使用新媒体。 本书既可作为高校各专业本科生的通识教材, 也可供各行各业有意提升新媒体素养的社会人士学习参考。
    
    ISBN 978-7-04-054091-8:CNY31.00
    
●
相关链接 在E读中查询图书 在当当中查询图书 在豆瓣中查询图书


正题名:新媒体素养     索取号:G206.2/Z250         预约/预借

序号 登录号 条形码 馆藏地/架位号 状态 备注
1 1556405   215564057   外国语学院资料室/ [索取号:G206.2/Z250] 在馆    
河南城建学院图书馆 欢迎您!
大连网信软件有限公司© 版权所有